<?xml version="1.0" encoding="UTF-8"?>
<marc:record xmlns:marc="http://www.loc.gov/MARC21/slim">
   <marc:leader>00000nam a2200000 a 4500</marc:leader>
   <marc:datafield ind1="1" ind2=" " tag="100">
      <marc:subfield code="a">Franckh, Pierre</marc:subfield>
      <marc:subfield code="4">aut</marc:subfield>
      <marc:subfield code="e">Verfasser/-in</marc:subfield>
   </marc:datafield>
   <marc:datafield ind1=" " ind2=" " tag="653">
      <marc:subfield code="a">Sexualverhalten</marc:subfield>
   </marc:datafield>
   <marc:datafield ind1=" " ind2=" " tag="653">
      <marc:subfield code="a">Softcover</marc:subfield>
   </marc:datafield>
   <marc:datafield ind1=" " ind2=" " tag="653">
      <marc:subfield code="a">Karte</marc:subfield>
   </marc:datafield>
   <marc:datafield ind1=" " ind2=" " tag="653">
      <marc:subfield code="a">Ratgeber</marc:subfield>
   </marc:datafield>
   <marc:datafield ind1="0" ind2="0" tag="245">
      <marc:subfield code="a">Lustvoll lieben</marc:subfield>
   </marc:datafield>
   <marc:datafield ind1="0" ind2="0" tag="245">
      <marc:subfield code="b">7 Regeln für erfüllten Sex</marc:subfield>
   </marc:datafield>
   <marc:datafield ind1="0" ind2="0" tag="245">
      <marc:subfield code="c">Pierre Franckh</marc:subfield>
   </marc:datafield>
   <marc:datafield ind1=" " ind2="1" tag="264">
      <marc:subfield code="a">Burgrain</marc:subfield>
      <marc:subfield code="b">Koha</marc:subfield>
      <marc:subfield code="c">2006</marc:subfield>
   </marc:datafield>
   <marc:datafield ind1=" " ind2=" " tag="250">
      <marc:subfield code="a">1. Aufl.</marc:subfield>
   </marc:datafield>
   <marc:datafield ind1="1" ind2=" " tag="520">
      <marc:subfield code="a">Angaben aus der Verlagsmeldung

Lustvoll Lieben / von Pierre Franckh

Ohne ein erfülltes Liebesleben macht keine Partnerschaft Spaß. Doch was gefällt dem anderen, was uns selbst? Die Antwort ist oft Schweigen. Wir vermeiden es, zu fragen oder zu sagen, was uns gefällt. Das muss nicht sein, denn uns verbindet mehr, als wir ahnen.
Pierre Franckh zeigt, wie wir die uns gemäße Sexualität leben und wieder lustvoll lieben können. Seine sinnlichen 7 Regeln für mehr
sexuelles Glück helfen,
- erotische Sehnsüchte herauszufinden
- unterdrückte Wünsche zuzulassen
- die geheimen Wünsche und Fantasien unseres Partners zu entdecken und
- gemeinsame Fantasien zu genießen.
Die Partnerschaft kann so grundlegend erneuert werden und an Tiefe gewinnen! Erfüllter Sex macht beide glücklich - dauerhaft!
Mit 40 Seiten Test, um die erotischen Übereinstimmungen in der Partnerschaft herauszufinden.
</marc:subfield>
   </marc:datafield>
   <marc:datafield ind1=" " ind2=" " tag="020">
      <marc:subfield code="a">9783936862706</marc:subfield>
      <marc:subfield code="9">9783936862706</marc:subfield>
   </marc:datafield>
   <marc:datafield ind1=" " ind2=" " tag="020">
      <marc:subfield code="a">3936862702</marc:subfield>
      <marc:subfield code="9">3936862702</marc:subfield>
   </marc:datafield>
   <marc:datafield ind1=" " ind2=" " tag="041">
      <marc:subfield code="a">ger</marc:subfield>
   </marc:datafield>
   <marc:datafield ind1=" " ind2=" " tag="300">
      <marc:subfield code="a">189 S.</marc:subfield>
   </marc:datafield>
</marc:record>
